Shakespeare and the actors / (Record no. 758917)

MARC details
000 -LEADER
fixed length control field 00842nam a2200277 a 4500
001 - CONTROL NUMBER
control field vtls000921739
003 - CONTROL NUMBER IDENTIFIER
control field NLI
005 - DATE AND TIME OF LATEST TRANSACTION
control field 20210627090703.0
008 - FIXED-LENGTH DATA ELEMENTS--GENERAL INFORMATION
fixed length control field 110906s1945 mau 001 d eng
039 #9 - LEVEL OF BIBLIOGRAPHIC CONTROL AND CODING DETAIL [OBSOLETE]
-- 201109061821
-- Vargis_01
040 0# - CATALOGING SOURCE
Original cataloging agency NLI
Language of cataloging eng
Transcribing agency Vergis_S
Description conventions AACR2
041 0# - LANGUAGE CODE
Language code of text/sound track or separate title eng
044 ## - COUNTRY OF PUBLISHING/PRODUCING ENTITY CODE
MARC country code mau
084 ## - OTHER CLASSIFICATION NUMBER
Classification number 156
100 1# - MAIN ENTRY--PERSONAL NAME
Personal name Sprague, Arthur Colby,
Dates associated with a name 1895-
9 (RLIN) 879528
245 10 - TITLE STATEMENT
Title Shakespeare and the actors /
Statement of responsibility, etc. by Arthur Colby Sprague
260 ## - PUBLICATION, DISTRIBUTION, ETC.
Place of publication, distribution, etc. Cambridge :
Name of publisher, distributor, etc. Harvard University Press,
Date of publication, distribution, etc. 1945
300 ## - PHYSICAL DESCRIPTION
Extent 442 p. ;
Dimensions 22 cm.
500 ## - GENERAL NOTE
General note Includes index
600 10 - SUBJECT ADDED ENTRY--PERSONAL NAME
Personal name Shakespeare, William,
Dates associated with a name 1564-1616
General subdivision Stage history
9 (RLIN) 746783
600 10 - SUBJECT ADDED ENTRY--PERSONAL NAME
Personal name Shakespeare, William,
Dates associated with a name 1564-1616
General subdivision Dramatic production
9 (RLIN) 729493
887 ## - NON-MARC INFORMATION FIELD
Content of non-MARC field
901 ## - LOCAL DATA ELEMENT A, LDA (RLIN)
a IMP82124 ;
b 14.12.2010
902 ## - LOCAL DATA ELEMENT B, LDB (RLIN)
a 156 F 2769
942 ## - ADDED ENTRY ELEMENTS (KOHA)
Source of classification or shelving scheme Dewey Decimal Classification
Koha item type Books
Holdings
Withdrawn status Lost status Damaged status Not for loan Home library Current library Date acquired Total Checkouts Full call number Date last seen Price effective from Koha item type
        National Library of India National Library of India     156 F 2769 27/06/2021 27/06/2021 Books
                                                                           
web counter

Copyright ©2020 The National Library of India, Govt. of India ↔ Hosted by NVLI, MOC ↔ Technology and Design by National Library of India, Ministry of Culture, Govt. of India